Normal view MARC view
  • Engineering drawings.

Entry Topical Term

Number of records used in: 4

001 - CONTROL NUMBER

  • control field: 21114

003 - CONTROL NUMBER IDENTIFIER

  • control field: NUST

005 - DATE AND TIME OF LATEST TRANSACTION

  • control field: 20190923165012.0

008 - FIXED-LENGTH DATA ELEMENTS

  • fixed length control field: 190923|| aca||aabn | a|a d

040 ## - CATALOGING SOURCE

  • Original cataloging agency: NUST
  • Transcribing agency: NUST

150 ## - HEADING--TOPICAL TERM

  • Topical term or geographic name entry element: Engineering drawings.

670 ## - SOURCE DATA FOUND

  • Source citation: Work cat.: (NUST)0: Parkinson, Albert Charles. 21112, Intermediate engineering drawing;, [1959]
© 2023 Central Library, National University of Sciences and Technology. All Rights Reserved.